000 00742nam a2200289Ia 4500
001 331
003 IT-RoPAU
008 130308s9999 xx 000 0 und d
040 _aIT-RoPAU
040 _cIT-RoPAU
041 _aITALIANO
100 _aJohnson Liana M.
100 _gCodice Aut. SPICS: 5212
245 _aBond, Batman e i Beatles
245 _bAlmanacco letterario Bompiani 1967
250 _a1a ed.
260 _aMILANO
260 _bBompiani
260 _c1966 [1° Ed.:1966 - Ed.Ling.Originale:1966]
300 _a"2 p. (prefazione: no ; testo: 2 [pagine: 195-196])"
650 _aSAGGI DI ICONOLOGIA
650 _eCodice materia Spics: 5161
942 _cBK
957 _71
999 _c47804
_d47804
999 _bSI
999 _g1